Countries by Average IQ - Statistics

General Stats
  • This quiz has been taken 326 times
  • The average score is 16 of 21
Answer Stats
IQ Answer % Correct
3 105 China
94%
4 105 Japan
94%
14 100 United Kingdom
91%
16 99 Canada
89%
19 99 Germany
89%
2 106 South Korea
88%
21 99 Sweden
85%
13 100 Norway
83%
18 99 Finland
80%
6 102 Italy
78%
1 108 Singapore
76%
9 101 Switzerland
75%
12 100 Netherlands
74%
10 100 Austria
72%
15 99 Belgium
72%
7 101 Iceland
69%
5 104 Taiwan
67%
20 99 Poland
66%
11 100 Luxembourg
63%
17 99 Estonia
48%
8 101 Mongolia
30%
No matching quizzes found
Score Distribution
Percent of People with Each Score
Percentile by Number Answered
Your Score History
You have not taken this quiz